000 00840nam a2200265 a 4500
001 BRCA_5107
005 20190320204937.0
008 181110s1930----fr-a######---#000-0#fre-#
041 _afre
044 _afr
050 4 _aN2050.C6
_b.J66 1930
100 1 _aJonas, Édouard
_913023
245 1 0 _aCollections léguées a la Ville de París par Ernest Cognacq
_ccatalogue par Édouard Jonas.
260 _aParís
_bMusée Cognacq-Jay
_c1930
300 _a204 p.
_bil.
_c18 cm.
500 _aEstado físico: Encuadernación deteriorada
500 _aE8
600 1 4 _aCognacq, Ernest
_d1838-1928
_913024
650 1 4 _aArte
_vCatálogos
_zParís
_913025
650 1 4 _aGalerías y museos
_zFrancia
_97839
650 1 4 _aArte
_xColecciones particulares
_97906
650 1 4 _aColeccionistas y colecciones
_913026
902 _aGFM
942 _2lcc
_cB
999 _c4801
_d4801